| 000 | 00989pam a2200301 a 4500 | ||
|---|---|---|---|
| 001 | 2524791 | ||
| 003 | OSt | ||
| 005 | 20140310182644.0 | ||
| 008 | 930820s1994 nyua b 001 0 eng | ||
| 010 | _a 93036231 | ||
| 020 | _a0673468046 | ||
| 040 |
_aDLC _cDLC _dDLC |
||
| 050 | 0 | 0 |
_aPN 4121 _b.G876 1993 |
| 245 | 0 | 0 |
_aPrinciples and types of speech communication / _cGronbeck, Bruce E. |
| 250 | _a13th ed. | ||
| 260 |
_aNew York : _bWesley Longman Inc., _cc1996 |
||
| 300 |
_axix, 556 p. : _bcol. ill. ; _c24 cm. |
||
| 504 | _aIncludes bibliographical references and index. | ||
| 521 | _acollege students | ||
| 526 | _c1210L to 1700L | ||
| 562 | _e1 | ||
| 650 | 0 | _aPublic speaking. | |
| 700 | 1 | _aGronbeck, Bruce E. | |
| 906 |
_a7 _bcbu _corignew _d1 _eocip _f19 _gy-gencatlg |
||
| 942 |
_2lcc _cBK _kM |
||
| 999 |
_c15039 _d15039 |
||